| 000 | 00411nam a22001337a 4500 | ||
|---|---|---|---|
| 005 | 20140205170547.0 | ||
| 008 | 140205b xxu||||| |||| 00| 0 eng d | ||
| 050 |
_aBS2615.4 _bC6413 |
||
| 100 |
_aComblin, Jose _98056 |
||
| 245 |
_aSent from the father _bmeditations on the fourth gospel _cComblin, Jose |
||
| 260 |
_aLondon _bGill and Macmillan _c1979 |
||
| 300 |
_aviii, 115p.; _c21cm. |
||
| 942 |
_2lcc _cMONOGRAPH |
||
| 999 |
_c119968 _d119968 |
||